[Event "FRA AJEC/4179 corr"]
[Site "France"]
[Date "1998.??.??"]
[Round "?"]
[White "Demoulin, Fabrice"]
[Black "Hautcoeur, David"]
[Result "1-0"]
[WhiteElo "1731"]
[BlackElo "1792"]
[PlyCount "39"]
[EventDate "1998.??.??"]
[EventType "tourn (corr)"]
[EventRounds "8"]
[EventCountry "FRA"]
[SourceTitle "Corr 2004"]
[Source "ChessBase"]
[SourceDate "2003.04.28"]
[SourceVersion "3"]
[SourceVersionDate "2003.04.28"]
[SourceQuality "1"]

1. e4 e5 2. Nf3 Nc6 3. Bc4 Nf6 4. Ng5 d5 5. exd5 Nxd5 6. d4 Nxd4 7. c3 Be7 8. cxd4 Bxg5 9. Bxg5 Qxg5 10. Bxd5 0-0 11. Nc3 c6 12. Ne4 Qd8 13. Bb3 exd4 14. 0-0 Re8 15. Re1 c5 16. Ng5 Be6 17. Qh5 h6 18. Nxf7 Qb6 19. Nxh6+ gxh6 20. Qg6+ 1-0